| 000 | 01110nam a22002657a 4500 | ||
|---|---|---|---|
| 001 | 83005 | ||
| 003 | BD-RjUL | ||
| 005 | 20240207172446.0 | ||
| 008 | 240207s2020 bg a|||| m||| 00| 0 eng d | ||
| 035 | _a(BD-RjUL)83005 | ||
| 040 |
_aBD-RjUL _beng _cBD-RjUL _dBD-RjUL |
||
| 041 | _aeng | ||
| 082 |
_223 _a519.54 _bALS 2020 |
||
| 100 | _aAlam, Md. Jahangir | ||
| 245 | 1 | 0 |
_aStatistical modeling for genome wide association studies / _cBy Md. Jahangir Alam ; _bPrincipal Supervisor : Md. Nurul Haque Mollah, Co-Supervisor : Md. Ripter Hossain, & S.M. Shahinul Islam |
| 260 |
_aRajshahi : _bDepartment of Statistics, University of Rajshahi, _c2020 |
||
| 300 |
_axxvi, 237 leaves : _bill, ; _c29.cm. |
||
| 502 | _aThesis (Ph. D.) -- Department of Statistics, University of Rajshahi, 2020 | ||
| 504 | _aBibliography : Leaves 168 - 195 | ||
| 650 |
_aStatistical _vProbabilities and applied mathematics _911557 |
||
| 700 |
_aMollah, Md. Nurul Haque, Principal Supervisor _910615 |
||
| 700 |
_aHossain, Md. Ripter, Co-Supervisor _99026 |
||
| 700 |
_aIslam, S.M. Shahinul, Co-Supervisor _911558 |
||
| 942 |
_2ddc _cTHE |
||
| 999 |
_c83005 _d83005 |
||